George Michael songs : Sudden death - Statistics

General Stats
  • This quiz has been taken 206 times
  • The average score is 10 of 15
Answers on the Grid
Answers color-coded by a green-red scale on the quiz's grid according to % correct below.
Father Figure
Sir Duke
Cowboys and Angels
Nothing Compares 2 U
Monkey
Outside
Private Dancer
The Way You Make Me Feel
Heal The Pain
Mountains
I Want Your Sex
Don't Let The Sun Go Down On Me
Through the fire
Too Funky
Highway Of Love
Careless Whisper
Jesus To a Child
Praying for Time
I Feel for You
Fastlove
One Moment In Time
Modern Love
Kiss on My List
I Knew You Were Waiting (For Me)
Amazing
All Around The World
One More Try
Kiss From a Rose
Fantasy
Your love is King
 
Answer Stats
Answer % Correct
Father Figure
90%
Careless Whisper
88%
I Want Your Sex
80%
Jesus To a Child
74%
Fastlove
69%
Don't Let The Sun Go Down On Me
64%
Cowboys and Angels
62%
Monkey
62%
Praying for Time
59%
Too Funky
59%
Outside
58%
One More Try
56%
I Knew You Were Waiting (For Me)
55%
Heal The Pain
49%
Amazing
45%
No matching quizzes found
Score Distribution
Percent of People with Each Score
Percentile by Number Answered
Your Score History
You have not taken this quiz